|
|
|
|
| LEADER |
03195nam a22004093i 4500 |
| 001 |
EBC6743508 |
| 003 |
MiAaPQ |
| 005 |
20231204023218.0 |
| 006 |
m o d | |
| 007 |
cr cnu|||||||| |
| 008 |
231204s1981 xx o ||||0 eng d |
| 020 |
|
|
|a 9780472901555
|q (electronic bk.)
|
| 020 |
|
|
|z 9780892640102
|
| 035 |
|
|
|a (MiAaPQ)EBC6743508
|
| 035 |
|
|
|a (Au-PeEL)EBL6743508
|
| 035 |
|
|
|a (OCoLC)1283854232
|
| 040 |
|
|
|a MiAaPQ
|b eng
|e rda
|e pn
|c MiAaPQ
|d MiAaPQ
|
| 050 |
|
4 |
|a LA1133
|
| 082 |
0 |
|
|a 378.1980951
|
| 100 |
1 |
|
|a Singer, Martin.
|
| 245 |
1 |
0 |
|a Educated Youth and the Cultural Revolution in China.
|
| 250 |
|
|
|a 1st ed.
|
| 264 |
|
1 |
|a Ann Arbor :
|b Center for Chinese Studies Publications,
|c 1981.
|
| 264 |
|
4 |
|c Ã1971.
|
| 300 |
|
|
|a 1 online resource (123 pages)
|
| 336 |
|
|
|a text
|b txt
|2 rdacontent
|
| 337 |
|
|
|a computer
|b c
|2 rdamedia
|
| 338 |
|
|
|a online resource
|b cr
|2 rdacarrier
|
| 490 |
1 |
|
|a Michigan Monographs in Chinese Studies ;
|v v.10
|
| 505 |
0 |
|
|a Cover -- Title -- Copyright -- Contents -- I. Introduction -- Mao Tse-tung -- Mao Tse-tung and the Youth of China -- The State of Youth -- Abbreviations Used in Text and Bibliography -- II. The Cultural Revolution: 1966 -- Peking University -- National Movement for Educational Reform -- Leadership Support for Revolutionary Students -- Early Mass Rallies and Movements -- Recreating the Long March -- Attempts to Disperse Students -- Invocation of the Tradition of the PLA -- Student Relations with Workers and Peasants -- III. The Cultural Revolution: 1967 -- Attacks on Egoism -- Attempts to Control Violence -- The Three-Way Alliance -- Attempts to Resume Classes: I -- Responses to Changed Situations -- Attempts to Resume Classes: II -- Shift to the Left -- April -- Factionalism and Violent Struggle -- Attempts to Resume Classes: III -- The Wuhan Incident -- Support the PLA -- Crackdown on Young People -- Attempts to Resume Classes: IV -- Sheng Wu-lien -- IV. The Cultural Revolution: 1968 -- Factionalism in Canton: I -- Nod to the Left -- Factionalism in Cantonr II -- Factionalism in Wuchow -- Attempts to Resume Classes: V -- Job Assignments -- Violent Struggle -- Anti-lhtellectualism and Propaganda Teams -- Consolidation of Workers' Teams' Positions -- Downgrading of Pure Intellect -- V. Educated Youth in Perspective -- Characteristics -- Roles -- Resentment against the Older Generation -- Membership in Mass Organizations -- The Educational System -- Underutilization of Skills of Young People -- Footnotes -- Bibliography.
|
| 588 |
|
|
|a Description based on publisher supplied metadata and other sources.
|
| 590 |
|
|
|a Electronic reproduction. Ann Arbor, Michigan : ProQuest Ebook Central, 2023. Available via World Wide Web. Access may be limited to ProQuest Ebook Central affiliated libraries.
|
| 655 |
|
4 |
|a Electronic books.
|
| 776 |
0 |
8 |
|i Print version:
|a Singer, Martin
|t Educated Youth and the Cultural Revolution in China
|d Ann Arbor : Center for Chinese Studies Publications,c1981
|z 9780892640102
|
| 797 |
2 |
|
|a ProQuest (Firm)
|
| 830 |
|
0 |
|a Michigan Monographs in Chinese Studies
|
| 856 |
4 |
0 |
|u https://ebookcentral.proquest.com/lib/matrademy/detail.action?docID=6743508
|z Click to View
|